| Tag |
First Indicator |
Second Indicator |
Subfields |
| LEADER |
00000cgm a2200000Ia 4500 |
| 001 |
in00002326558 |
| 005 |
20151108041627.0 |
| 007 |
vd cvaizm |
| 008 |
061221p20061973nyu099 g vlspa d |
| 024 |
1 |
|
|a 715515021227
|
| 028 |
0 |
2 |
|a CC1633D-JF
|b Janus FIlms
|
| 028 |
4 |
0 |
|a CC1667D-JF
|b Criterion Collection (set)
|
| 035 |
|
|
|a (OCoLC)ocm77237382
|
| 040 |
|
|
|a MTG
|c MTG
|d TXA
|d UtOrBLW
|
| 041 |
1 |
|
|a spa
|j eng
|h spa
|
| 043 |
|
|
|a e-sp---
|
| 049 |
|
|
|a TXAM
|
| 090 |
|
|
|a PN1995.9.F67
|b E877 2006b
|
| 245 |
0 |
3 |
|a El espíritu de la colmena /
|c Janus Films ; una producción Elías Querejeta ; guión original de Angel Fernández-Santos y Victor Erice ; director, Victor Erice.
|
| 246 |
1 |
|
|i English title:
|a Spirit of the beehive
|
| 264 |
|
1 |
|a [New York] :
|b Janus Films :
|c [2006]
|
| 264 |
|
2 |
|a [New York] :
|b Criterion Collection [distributor],
|
| 264 |
|
4 |
|c ©2006
|
| 300 |
|
|
|a 1 videodisc (99 min.) :
|b sound, color ;
|c 4 3/4 in.
|
| 336 |
|
|
|a two-dimensional moving image
|b tdi
|2 rdacontent
|
| 337 |
|
|
|a video
|b v
|2 rdamedia
|
| 338 |
|
|
|a videodisc
|b vd
|2 rdacarrier
|
| 538 |
|
|
|a DVD; region 1; Dolby Digital mono.
|
| 546 |
|
|
|a Spanish dialogue with optional English subtitles.
|
| 511 |
1 |
|
|a Isabel Tellería, Ana Torrent, Fernando Fernán Gómez, Teresa Gimpera.
|
| 508 |
|
|
|a Photography, Luis Cuadrado ; editor, Pablo G. del Amo ; music, Luís de Pablo.
|
| 500 |
|
|
|a Originally released as a motion picture in Spain in 1973.
|
| 500 |
|
|
|a Released as part of the "Essential Art House: 50 Years of Janus Films."
|
| 500 |
|
|
|a Widescreen presentation.
|
| 500 |
|
|
|a Aspect ratio 1.66:1.
|
| 500 |
|
|
|a Not rated.
|
| 520 |
|
|
|a Shortly after the Spanish civil war, a six-year-old girl attends a traveling movie show of Frankenstein and becomes haunted by her memory of it.
|
| 500 |
|
|
|a Videorecording.
|
| 650 |
|
0 |
|a Girls
|z Spain
|v Drama.
|
| 650 |
|
0 |
|a Traveling motion picture theaters
|z Spain
|v Drama.
|
| 650 |
|
7 |
|a Muchachas
|z España
|v Teatro.
|2 bidex
|
| 650 |
|
7 |
|a Cines
|x Exposiciones ambulantes
|z España
|v Teatro.
|2 bidex
|
| 655 |
|
0 |
|a Motion pictures, Spanish.
|
| 655 |
|
0 |
|a Foreign films.
|
| 655 |
|
7 |
|a Thrillers (Motion pictures)
|2 lcgft
|
| 650 |
|
0 |
|a Feature films.
|
| 700 |
1 |
|
|a Erice, Víctor.
|
| 700 |
1 |
|
|a Querejeta, Elías.
|
| 700 |
1 |
|
|a Fernández Santos, Angel.
|
| 700 |
1 |
|
|a Tellería, Isabel.
|
| 700 |
1 |
|
|a Torrent, Ana.
|
| 700 |
1 |
|
|a Gimpera, Teresa.
|
| 710 |
2 |
|
|a Criterion Collection (Firm)
|
| 710 |
2 |
|
|a Janus Films.
|
| 994 |
|
|
|a C0
|b TXA
|
| 948 |
|
|
|a cataloged
|b h
|c 2007/9/10
|d c
|e aklinger
|f 12:05:18 pm
|
| 999 |
|
|
|a MARS
|
| 999 |
f |
f |
|s 5eb5869b-11bd-34d3-9dc3-9a17843fa33c
|i 4058ed8e-7370-348e-963b-c85156727bb9
|t 0
|
| 952 |
f |
f |
|p dvd
|a Texas A&M University
|b College Station
|c Sterling C. Evans Library
|d Evans: Media and Reserves (Annex 1st floor)
|t 0
|e PN1995.9.F67 E877 2006b
|h Library of Congress classification
|i video -- videodisc
|m A14836381261
|
| 998 |
f |
f |
|a PN1995.9.F67 E877 2006b
|t 0
|l Evans: Media and Reserves (Annex 1st floor)
|